| 000 | 00382nam a2200133Ia 4500 | ||
|---|---|---|---|
| 008 | 220217s9999||||xx |||||||||||||| ||und|| | ||
| 020 | _a81-7808-601-8 | ||
| 082 | _a658.403 8 WEB | ||
| 100 |
_aWeber, Ron _93435 |
||
| 245 | 0 | _aInformation systems control and audit | |
| 260 |
_aPearson education asia _bDelhi _c2003 |
||
| 300 | _b395 | ||
| 650 | _aMANAGEMENT INFORMATION SYSTEM | ||
| 999 |
_c171903 _d171903 |
||